An introduction to the sociology of rural development / (Record no. 2188)
[ view plain ]
| 000 -LEADER | |
|---|---|
| fixed length control field | 00641nam a22002297a 4500 |
| 001 - CONTROL NUMBER | |
| control field | BD-DhSAU 2188 |
| 003 - CONTROL NUMBER IDENTIFIER | |
| control field | BD-DhSAU |
| 005 - DATE AND TIME OF LATEST TRANSACTION | |
| control field | 20150126160822.0 |
| 008 - FIXED-LENGTH DATA ELEMENTS--GENERAL INFORMATION | |
| fixed length control field | 150126b1977 enka|||| |||| 001 0 eng d |
| 020 ## - INTERNATIONAL STANDARD BOOK NUMBER | |
| International Standard Book Number | 0422744905 |
| 040 ## - CATALOGING SOURCE | |
| Original cataloging agency | BD-DhSAU |
| 082 ## - DEWEY DECIMAL CLASSIFICATION NUMBER | |
| Edition number | 22 |
| Classification number | 307.1412 |
| Item number | LOI |
| 100 ## - MAIN ENTRY--PERSONAL NAME | |
| Personal name | Long, Norman |
| 245 ## - TITLE STATEMENT | |
| Title | An introduction to the sociology of rural development / |
| Statement of responsibility, etc. | Norman Long |
| 260 ## - PUBLICATION, DISTRIBUTION, ETC. (IMPRINT) | |
| Place of publication, distribution, etc. | London : |
| Name of publisher, distributor, etc. | Tavistock Pub. , |
| Date of publication, distribution, etc. | c1977. |
| 300 ## - PHYSICAL DESCRIPTION | |
| Extent | vii, 221 p. : |
| Other physical details | ill. ; |
| Dimensions | 22 cm. |
| 504 ## - BIBLIOGRAPHY, ETC. NOTE | |
| Bibliography, etc | Includes bibliographical & index. |
| 590 ## - Name of Cataloguer | |
| Name of Cataloger | Jerin |
| 650 ## - SUBJECT ADDED ENTRY--TOPICAL TERM | |
| Topical term or geographic name as entry element | Horticulture |
| 650 ## - SUBJECT ADDED ENTRY--TOPICAL TERM | |
| Topical term or geographic name as entry element | rural development |
| 650 ## - SUBJECT ADDED ENTRY--TOPICAL TERM | |
| Topical term or geographic name as entry element | sociology |
| 942 ## - ADDED ENTRY ELEMENTS (KOHA) | |
| Source of classification or shelving scheme | Dewey Decimal Classification |
| Koha item type | Book |
| Withdrawn status | Lost status | Source of classification or shelving scheme | Damaged status | Not for loan | Home library | Branch Name | Shelving location | Date acquired | Total Checkouts | Full call number | Barcode | Date last seen | Price effective from | Koha item type | Collection code |
|---|---|---|---|---|---|---|---|---|---|---|---|---|---|---|---|
| Dewey Decimal Classification | SAU Library | SAU Library | General Stacks | 23/01/1982 | 307.1412 LOI | 8280 | 26/01/2015 | 26/01/2015 | Book | ||||||
| Dewey Decimal Classification | SAU Library | SAU Library | General Stacks | 12/06/1992 | 307.1412 LOI | 8270 | 10/02/2015 | 10/02/2015 | Book | ||||||
| Dewey Decimal Classification | SAU Library | SAU Library | General Stacks | 23/01/1982 | 307.1412 LOI | 8279 | 22/02/2015 | 22/02/2015 | Book | ||||||
| Dewey Decimal Classification | Not For Loan | SAU Library | SAU Library | Reference | 28/05/2015 | 307.1412 LOI | 8277 | 28/05/2015 | 28/05/2015 | Book | Reference | ||||
| Dewey Decimal Classification | Not For Loan | SAU Library | SAU Library | Reference | 10/06/2015 | 307.1412 LOI | 8278 | 10/06/2015 | 10/06/2015 | Book | Reference |
